Railway stations in Scotland - Statistics

General Stats
  • This quiz has been taken 502 times
  • The average score is 123 of 363
Answer Stats
Answer % Correct
Edinburgh Waverley
94%
Aberdeen
90%
Inverness
90%
Dundee
89%
Glasgow Central
83%
Ayr
82%
Glasgow Queen Street
82%
Perth
82%
Haymarket
81%
Stirling
81%
North Berwick
77%
Shotts
71%
Fort William
70%
Wick
70%
Cumbernauld
69%
Croy
68%
Dunblane
68%
Leven
68%
Maryhill
68%
Montrose
68%
Arbroath
67%
Dumfries
67%
Kyle of Lochalsh
67%
Motherwell
67%
Dunbar
66%
Oban
66%
Newton
64%
Aviemore
62%
Paisley Canal
62%
Kirkcaldy
61%
Falkirk High
60%
Thurso
59%
Whifflet
59%
Kilmarnock
58%
Mallaig
58%
Cathcart
57%
Linlithgow
57%
Partick
57%
Pitlochry
57%
Troon
57%
East Kilbride
56%
Falkirk Grahamston
56%
Helensburgh Central
55%
Leuchars
55%
Paisley Gilmour Street
55%
Musselburgh
54%
Stranraer
54%
Carstairs
53%
Galashiels
53%
Alloa
52%
Balloch
52%
Bathgate
52%
Dumbarton Central
52%
Gourock
52%
Lanark
52%
Largs
52%
Rutherglen
52%
Bishopbriggs
51%
Clydebank
51%
Kingussie
51%
Lockerbie
50%
Airdrie
49%
Cambuslang
49%
Stonehaven
49%
Bearsden
48%
Coatbridge Sunnyside
48%
Dumbarton East
48%
Milngavie
48%
Nairn
48%
North Queensferry
48%
Anniesland
47%
Elgin
47%
Glenrothes with Thornton
47%
Greenock Central
47%
High Street
47%
Irvine
47%
Johnstone
47%
Wemyss Bay
47%
Wishaw
47%
Broughty Ferry
46%
Hyndland
46%
Mount Florida
46%
Pollokshields East
46%
Port Glasgow
46%
Argyle Street
45%
Charing Cross
45%
Cupar
45%
Gretna Green
45%
Carluke
44%
Hamilton Central
44%
Pollokshields West
44%
Barrhead
43%
Blair Atholl
43%
Dalmuir
43%
Dunfermline City
43%
Dunkeld & Birnam
43%
Gleneagles
43%
Inverness Airport
43%
Kilwinning
43%
Lenzie
43%
Livingston North
43%
Prestwick International Airport
43%
Uddingston
43%
Coatbridge Central
42%
Dingwall
42%
Edinburgh Park
42%
Exhibition Centre
42%
Hamilton West
42%
Helensburgh Upper
42%
Queens Park
42%
Alexandria
41%
Ardrossan Harbour
41%
Bellshill
41%
Carrbridge
41%
Livingston South
41%
Springburn
41%
West Kilbride
41%
Bridge of Allan
40%
Easterhouse
40%
Greenock West
40%
Anderston
39%
Carnoustie
39%
Dalmarnock
39%
Pollokshaws East
39%
Pollokshaws West
39%
Prestonpans
39%
Saltcoats
39%
Singer
39%
Annan
38%
Ardrossan Town
38%
Dunfermline Queen Margaret
38%
Girvan
38%
Inverurie
38%
Crianlarich
37%
Edinburgh Gateway
37%
Polmont
37%
Shettleston
37%
Bridgeton
36%
Larbert
36%
Drumchapel
35%
Inverkeithing
35%
Kings Park
35%
Renton
35%
Burntisland
34%
Crossmyloof
34%
Larkhall
34%
Tweedbank
34%
Tyndrum Lower
34%
Alexandra Parade
33%
Ardrossan South Beach
33%
Barassie
33%
Bellgrove
33%
Blantyre
33%
Cowdenbeath
33%
Duke Street
33%
Dyce
33%
Giffnock
33%
Paisley St James
33%
Prestwick Town
33%
Spean Bridge
33%
Stevenston
33%
Upper Tyndrum
33%
Cardonald
32%
Forres
32%
Hillfoot
32%
Keith
32%
Lochwinnoch
32%
Newton-on-Ayr
32%
Yoker
32%
Cardross
31%
Dalmeny
31%
Dalry
31%
Markinch
31%
Plockton
31%
Stepps
31%
Crosshill
30%
Drumry
30%
East Linton
30%
Alness
29%
Arisaig
29%
Barnhill
29%
Bridge of Orchy
29%
Clarkston
29%
Dalwhinnie
29%
Drem
29%
Hairmyres
29%
Inverkip
29%
Kilpatrick
29%
Ladybank
29%
Langside
29%
Morar
29%
Newtonmore
29%
Robroyston
29%
Beauly
28%
Carfin
28%
Craigendoran
28%
Fairlie
28%
Glenfinnan
28%
Longniddry
28%
Neilston
28%
Aberdour
27%
Busby
27%
Carmyle
27%
Chatelherault
27%
Corrour
27%
Hawkhead
27%
Holytown
27%
Barrhill
26%
Brora
26%
Crookston
26%
Hillington East
26%
Hillington West
26%
Huntly
26%
Jordanhill
26%
Kelvindale
26%
Kilmaurs
26%
Kirkhill
26%
Maxwell Park
26%
Mount Vernon
26%
Portlethen
26%
Rosyth
26%
Airbles
25%
Armadale
25%
Cleland
25%
Coatdyke
25%
Croftfoot
25%
Dalgety Bay
25%
Georgemas Junction
25%
Golf Street
25%
Invergordon
25%
Langbank
25%
Tain
25%
Addiewell
24%
Arrochar & Tarbet
24%
Bowling
24%
Burnside
24%
Caldercruix
24%
Helmsdale
24%
Kinghorn
24%
Lairg
24%
Muir of Ord
24%
Patterton
24%
Shawlands
24%
Stewarton
24%
Thornliebank
24%
Uphall
24%
Camelon
23%
Possilpark & Parkhouse
23%
Rannoch
23%
Reston
23%
South Gyle
23%
Stow
23%
Barry Links
22%
Bishopton
22%
Fort Matilda
22%
Muirend
22%
Newcraighall
22%
Thorntonhall
22%
Whitecraigs
22%
Williamwood
22%
Cameron Bridge
21%
Curriehill
21%
Drumgelloch
21%
Insch
21%
Kintore
21%
Laurencekirk
21%
Milliken Park
21%
Scotstounhill
21%
Slateford
21%
Wallyford
21%
Carntyne
20%
Dunlop
20%
Golspie
20%
Howwood
20%
Maybole
20%
Roy Bridge
20%
West Calder
20%
Wester Hailes
20%
Westerton
20%
Ardlui
19%
Blairhill
19%
Dalreoch
19%
Dunrobin Castle
19%
Eskbank
19%
Garrowhill
19%
Garscadden
19%
Gartcosh
19%
Gorebridge
19%
Kirkconnel
19%
Lochgelly
19%
Merryton
19%
Monifieth
19%
Shieldmuir
19%
Baillieston
18%
Bogston
18%
Branchton
18%
Brunstane
18%
Cardenden
18%
Conon Bridge
18%
Dumbreck
18%
Garve
18%
Greenfaulds
18%
Kirknewton
18%
Loch Eil Outward Bound
18%
Mosspark
18%
Banavie
17%
Blackridge
17%
Fauldhouse
17%
Garelochhead
17%
Glengarnock
17%
New Cumnock
17%
Newtongrange
17%
Shawfair
17%
Springfield
17%
Achnasheen
16%
Breich
16%
Corpach
16%
Dalmally
16%
Invergowrie
16%
Tulloch
16%
Altnabreac
15%
Ashfield
15%
Balmossie
15%
Bargeddie
15%
Corkerhill
15%
Falls of Cruachan
15%
Priesthill & Darnley
15%
Rogart
15%
Scotscalder
15%
Summerston
15%
Achnashellach
14%
Ardgay
14%
Auchinleck
14%
Cartsdyke
14%
Connel Ferry
14%
Fearn
14%
Forsinard
14%
Invershin
14%
Kingsknowe
14%
Loch Awe
14%
Nitshill
14%
Sanquhar
14%
Strathcarron
14%
Taynuilt
14%
Culrain
13%
Lochailort
13%
Locheilside
13%
Stromeferry
13%
Achanalt
12%
Hartwood
12%
Kennishead
12%
Kildonan
12%
Kinbrace
12%
Attadale
11%
Beasdale
11%
Drumfrochar
11%
Duirinish
11%
Gilshochill
11%
Duncraig
10%
Kirkwood
10%
Lochluichart
10%
Whinhill
10%
Woodhall
10%
No matching quizzes found
Score Distribution
Percent of People with Each Score
Percentile by Number Answered
Your Score History
You have not taken this quiz